000 00509nam a2200193Ia 4500
005 20140311163144.0
008 140130s9999 xx 000 0 und d
020 _a0590528351
050 _aGV 939
_b..Es74A3 1995
100 _aEsiason, Boomer
_931409
245 _cEsiason, Boomer
_aA boy named boomer /
260 _bScholastic,
_c1995.
_aNew York :
300 _a1 v. (unpaged) :
_bill. (some col.) ;
_c23 cm.
440 _v1
521 _aG2
526 _c430
942 _cBK
_2lcc
999 _c42068
_d42068